| 000 | 00565nam a22002057a 4500 | ||
|---|---|---|---|
| 005 | 20260430131919.0 | ||
| 008 | 260430b |||||||| |||| 00| 0 eng d | ||
| 020 |
_a978-07-069-7344-0 _cRs.299.00 |
||
| 040 | _aLoreto College | ||
| 041 | _aEnglish | ||
| 082 |
_a370.1 _bVEN |
||
| 100 | _aVenkateswaran,S. | ||
| 245 |
_aPrinciples of Education _cS. Venkateswaran |
||
| 260 |
_aNoida _bVikas Publishing _c2016 |
||
| 300 | _a182p.;22cm. | ||
| 650 | _aEducation_B.Ed. | ||
| 650 | _aEducation -theory | ||
| 850 | _aLCBED | ||
| 942 | _cBK | ||
| 999 |
_c44363 _d94842 |
||